| 000 | 00355nam a2200145Ia 4500 | ||
|---|---|---|---|
| 008 | 150201s2000 xx 000 0 und d | ||
| 082 |
_a617.643 _bI2000Y |
||
| 100 | _aSTEVENCE | ||
| 245 | _aIMPLANT PRISTHODONTICS: CLINICAL & LABORATORY | ||
| 250 | _a2ND | ||
| 260 |
_bMOSBY _aDELHI _c2000 |
||
| 300 | _a1-178 | ||
| 650 | _aIMPLANTOLOGY | ||
| 942 |
_2ddc _cBK |
||
| 999 |
_c3753 _d3753 |
||